000 00627nam a2200229Ia 4500
003 OSt
005 20221007072403.0
006 a|||||r|||| 00| 0
007 ta
008 221006b |||||||| |||| 00| 0 eng d
024 _a25,555
037 _cReports / Technical Reports
040 _aFLL
_cFLL
_beng
041 _2eng
_aeng
082 _aV3:26-8tN67, K9;1
100 _aGarner J. F.
_9345401
245 0 _aJustice
260 _aLondon
_bStevens & Sons UK
_c1969
300 _av,35p
_ccm.
942 _hV3:26-8tN67, K9;1
_cREP
_2CC
999 _c1145934
_d1145934